00663 2200181 4500245004900000020002200049250001100071100002100082700002400103650001700127005001900144260003600163041001400199084000800213300002900221500022200250336000900472 aSott'er Celo de RomacDonna WidjajantohText a978-602-9397-99-4 aCet. 1 aDonna Widjajanto aDila Maretihaq Sari aNovel Remaja a20231004120702 aYogyakartabBentang Beliac2013 aIndonesia a813 aviii, 228 hlm. :c19 cm. aBertemu rama di roma. Ngobral banyak sama dia, tentang masa depan,seni,dan arti hidup. Rasanya, seperti ditampar bolak-balik ditemani indahnya bangunan-bangunan eksotis di Roma,melewati tapak-tapak jalan khas italia. atext